Normal view
MARC view
Entry Personal Name
001 - CONTROL NUMBER
- control field: 39609
003 - CONTROL NUMBER IDENTIFIER
- control field: ARRUPE
005 - DATE AND TIME OF LATEST TRANSACTION
- control field: 20180226143135.0
008 - FIXED-LENGTH DATA ELEMENTS
- fixed length control field: 180226|| aca||aabn | a|a d
040 ## - CATALOGING SOURCE
- Original cataloging agency: ARRUPE
- Transcribing agency: ARRUPE
100 ## - HEADING--PERSONAL NAME
- Personal name: Junod, Henri Alexandra
- General subdivision: Criticism
670 ## - SOURCE DATA FOUND
- Source citation: Work cat.: (ARRUPE): Zahan, Dominique 1517, Le feu en Afrique, 1995